|
|
|
|
| LEADER |
00000nam a22000007a 4500 |
| 005 |
2014082009569.0 |
| 007 |
cr|||| |||| |
| 008 |
140820s2013 br |||||s|||| 00||0 por d |
| 020 |
|
|
|a 978-85-361-2891-7
|
| 035 |
|
|
|a 12347
|
| 040 |
|
|
|a vLex
|
| 090 |
|
|
|c 5127
|d 5127
|
| 100 |
1 |
|
|a Mauš Trindade, Ariadne
|
| 245 |
1 |
0 |
|a Sucessô trabalhista
|h [Recurso electrn̤ico] /
|c Ariadne Mauš Trindade
|
| 256 |
|
|
|a Servicio en ln̕ea
|
| 260 |
|
|
|a San Pablo:
|b LTR Editora,
|c 2013
|
| 300 |
|
|
|a 1 recurso electrn̤ico
|
| 506 |
1 |
|
|a Disponible solo en los productos indicados
|d vLex Global
|d vLex Global (Academic Edition, excluding Law Schools)
|d vLex Global (U.S. Academic Edition, Law Schools)
|d vLex Global (U.S. Academic Edition, excluding Law Schools)
|d vLex Global (Academic Edition, Law Schools)
|
| 650 |
0 |
4 |
|a Derecho Laboral y Seguridad Social
|z Brasil
|
| 740 |
0 |
|
|a vLex Libros (Servicio en ln̕ea)
|
| 856 |
4 |
0 |
|u http://vlex.com/source/sucess-o-trabalhista-12347
|z Acceso restringido
|
| 942 |
|
|
|c BOOK
|
| 999 |
0 |
|
|a Labor Law and Social Security
|